UBT Library

Basic technical drawing. (Record no. 42601)

000 -LEADER
fixed length control field 00509cam a22002171 4500
001 - CONTROL NUMBER
control field 6091712
005 - DATE AND TIME OF LATEST TRANSACTION
control field 20180215040529.0
008 - FIXED-LENGTH DATA ELEMENTS--GENERAL INFORMATION
fixed length control field 740424s1962 xx 000 0 eng
010 ## - LIBRARY OF CONGRESS CONTROL NUMBER
LC control number 61018268
035 ## - SYSTEM CONTROL NUMBER
System control number (OCoLC)864830
040 ## - CATALOGING SOURCE
Original cataloging agency DLC
Transcribing agency OCX
Modifying agency DLC
041 ## - LANGUAGE CODE
Language code of text/sound track or separate title eng
042 ## - AUTHENTICATION CODE
Authentication code premarc
080 ## - UNIVERSAL DECIMAL CLASSIFICATION NUMBER
Universal Decimal Classification number 744.42 joh
082 ## - DEWEY DECIMAL CLASSIFICATION NUMBER
Classification number 744.42 joh
100 1# - Rafti
Rafti 41
101 ## - Shkurtesa
Shkurtesa ark
245 10 - TITLE STATEMENT
Title Basic technical drawing.
906 ## - LOCAL DATA ELEMENT F, LDF (RLIN)
a 7
b cbc
c oclcrpl
d u
e ncip
f 19
g y-gencatlg
942 ## - ADDED ENTRY ELEMENTS (KOHA)
Source of classification or shelving scheme
Item type Books
Holdings
Withdrawn status Lost status Source of classification or shelving scheme Damaged status Not for loan Collection code Permanent location Current location Shelving location Date acquired Total Checkouts Full call number Barcode Date last seen Price effective from Koha item type
          Koleksioni i përgjithshem UBT - Lipjan UBT - Lipjan Koleksioni i përgjithshem 02/15/2018   744.42 joh 002-2998221 02/15/2018 02/15/2018 Books
UBT Library © 2015-2024. All rights reserved University Education for Business and Technology